000 00777nam a2200241Ia 4500
003 OSt
005 20230517162700.0
008 210423s2014 xx 000 0 und d
020 _a978-1-4557-2553-3
040 _cAL
041 _aeng
082 _a660.28449
_223
_b VOGF
100 _aVOGEL (Henry C);TODARO (Celeste M) Ed
_9107277
245 _aFermentation and biochemical engineering handbook: principles process design and equipment Ed 3
250 _a3
260 _aNew York
_bElsevier
_c2014
300 _aiii,219
_bHB
365 _b12772.5
_cINR
650 _aChemical Engineering
_9107278
650 _aTechnology
_9107279
906 _abiochemical ; design ; Ed ; engineering ; equipment ; Fermentation ; handbook: ; principles ; process
942 _2ddc
_cBK
999 _c166645
_d166645